| 000 | 00547nam a2200193Ia 4500 | ||
|---|---|---|---|
| 003 | GCL | ||
| 008 | 140319s9999 xx 000 0 ara d | ||
| 040 |
_aGCL / _cGCL |
||
| 082 | 0 | 4 |
_a616.61 _bم ا |
| 100 | 1 | _aمحمد صادق صبور | |
| 245 | 1 | 0 |
_aامراض الكلى: اسبابه وطرق الوقاية منها وعلاجها / _cمحمد صادق صبور |
| 300 | _a102 ص | ||
| 490 |
_a100 قصة _v0 |
||
| 650 | 0 | 4 | _aالطب |
| 650 | 0 | 4 | _aالامراض |
| 650 | 0 | 4 | _aالوقاية |
| 650 | 0 | 4 | _aالكلى |
| 942 |
_2ddc _cBK |
||
| 999 |
_c45023 _d45023 |
||